| 000 | 02019nam0a2200361 4500 | ||
|---|---|---|---|
| 001 | RU\NLR\bibl\1939854 | ||
| 005 | 20240726044229.0 | ||
| 020 |
_aRU _b20-6220 _9Летопись авторефератов диссертаций |
||
| 021 |
_aRU _b2012-184а _9008аа |
||
| 035 | _a(NLR Aleph) 001929133 | ||
| 090 |
_a3411259 _c3411259 |
||
| 100 | _a20120615d2011 u u0rusy50 ca | ||
| 101 | 0 |
_arus _deng |
|
| 102 | _aRU | ||
| 105 | _aa dm ||||| | ||
| 200 | 1 |
_aРазработка организационно-методического подхода к совершенствованию аптечного мерчандайзинга _e(на примере государственного унитарного предприятия "Медицинская техника и фармация Татарстана") _eавтореферат диссертации на соискание ученой степени кандидата фармацевтических наук _eспециальность 14.04.03 <Организация фармацевтического дела> _fЯровиков Геннадий Сергеевич _g[Казан. гос. мед. ун-т] _gМесто защиты: Перм. гос. фармацевт. акад. |
|
| 210 |
_aПермь _d2011 |
||
| 215 |
_a24 с. _cил. _d21 |
||
| 309 | _aРез. на англ. яз. | ||
| 320 | _aБиблиогр.: с. 22-23 (16 назв.) | ||
| 610 | 0 | _aТатарстан, фармацевт. науки | |
| 675 |
_a615.1/.4 _v3 _zrus |
||
| 686 |
_a76.31 _2rugasnti |
||
| 686 |
_a52.8 _2rubbk |
||
| 686 |
_a15.00.01 _2oksvnk |
||
| 700 | 1 |
_aЯровиков _bГ. С. _gГеннадий Сергеевич _4070 |
|
| 801 | 0 |
_aRU _bRKP _c20120615 _gPSBO |
|
| 801 | 1 |
_aRU _bRKP _c20120615 |
|
| 801 | 2 |
_aRU _bNLR _c20120903 _grcr |
|
| 901 | _eАвторефераты | ||
| 942 | _cBOOK | ||
| 981 | 1 | 0 | _a(10) Авторефераты |